Statystyki dla Składy drużynowych medalistów olimpijskich w skokach narciarskich

Kliknij tutaj aby rozwiązać quiz!

Ogólne statystyki

  • Ten quiz został rozwiązany 32 razy
  • Średni wynik to 73 z 120

Statystyki odpowiedzi

RokKMiejscowośćReprezentacjaZawodnik% Poprawnych
NorwegiaAnders Bardal
100%
Cene Prevc
100%
Dawid Kubacki
100%
Kamil Stoch
100%
Peter Prevc
100%
2022125PekinAustriaStefan Kraft
100%
Gregor Schlierenzauer
95%
Gregor Schlierenzauer
95%
Janne Ahonen
95%
Janne Ahonen
95%
Karl Geiger
95%
NiemcyKarl Geiger
95%
PolskaMaciej Kot
95%
Markus Eisenbichler
95%
Noriaki Kasai
95%
Noriaki Kasai
95%
Andreas Wellinger
90%
Andreas Wellinger
90%
Daiki Ito
90%
2018125PyeongchangNorwegiaDaniel-Andre Tande
90%
Severin Freund
90%
Thomas Morgenstern
90%
Thomas Morgenstern
90%
Thomas Morgenstern
90%
Johann Andre Forfang
86%
Kazuyoshi Funaki
86%
Martin Schmitt
86%
Martin Schmitt
86%
Martin Schmitt
86%
Richard Freitag
86%
Robert Johansson
86%
Stefan Hula
86%
Stephan Leyhe
86%
Stephan Leyhe
86%
2002120Salt Lake CityNiemcySven Hannawald
86%
NiemcySven Hannawald
86%
Matti Nykanen
81%
Primoz Peterka
81%
Taku Takeuchi
81%
2010125VancouverAustriaWolfgang Loitzl
81%
Andreas Kofler
76%
Andreas Kofler
76%
Manuel Fettner
76%
Robert Kranjec
76%
Thomas Diethart
76%
Timi Zajc
76%
NiemcyConstantin Schmid
71%
Matti Hautamaki
71%
FinlandiaMatti Hautamaki
71%
AustriaMichael Haybock
71%
Anders Jacobsen
67%
Bjorn Einar Romoren
67%
Daniel Huber
67%
Dieter Thoma
67%
Dieter Thoma
67%
Jens Weissflog
67%
Martin Koch
67%
Michael Uhrmann
67%
Michael Uhrmann
67%
Takanobu Okabe
67%
1998120NaganoJaponiaTakanobu Okabe
67%
Toni Nieminen
67%
Andreas Goldberger
62%
Jan Horl
62%
NorwegiaLars Bystol
62%
Masahiko Harada
62%
Masahiko Harada
62%
NiemcyMichael Neumayer
62%
2014125SochiNiemcyAndreas Wank
57%
Andreas Wank
57%
2006125TurynAustriaAndreas Widholzl
57%
Andreas Widholzl
57%
SłoweniaLovro Kos
57%
Martin Hollwarth
57%
Martin Hollwarth
57%
Roar Ljokelsoy
57%
Tom Hilde
57%
Andreas Felder
52%
Janne Happonen
52%
JugosławiaPrimoz Ulaga
52%
1992120AlbertvilleFinlandiaAri-Pekka Nikkola
48%
1988114CalgaryFinlandiaAri-Pekka Nikkola
48%
Marinus Kraus
48%
Stephan Hocke
48%
FinlandiaTami Kiuru
48%
Andreas Stjernen
43%
AustriaHeinz Kuttin
43%
AustriaHeinz Kuttin
43%
Miran Tepes
43%
Risto Jussilainen
43%
Veli-Matti Lindstrom
43%
Hiroya Saito
38%
Peter Zonta
38%
JaponiaReruhi Shimizu
38%
SłoweniaDamjan Fras
33%
Jaroslav Sakala
33%
Johan Remen Evensen
33%
Stefan Horngacher
29%
Stefan Horngacher
29%
Tommy Ingebrigtsen
29%
Ernst Vettori
24%
1994120LillehammerNiemcyHansjorg Jakle
24%
Hansjorg Jakle
24%
Matjaz Zupan
24%
Christof Duffner
14%
Frantisek Jez
14%
JaponiaJinya Nishikata
14%
Jiri Parma
14%
Matjaz Debelak
14%
AustriaReinhard Schwarzenberger
14%
Risto Laakkonen
14%
Jari Puikkonen
10%
Mika Laitinen
10%
Ole Gunnar Fidjestol
10%
Christian Moser
5%
Erik Johnsen
5%
NorwegiaOle Christian Eidhammer
5%
CzechosłowacjaTomas Goder
5%
Tuomo Ylipulli
5%
Jon Inge Kjorum
0%

Rozkład punktacji

Percentyl według liczby udzielonych odpowiedzi

Procent ludzi z każdym wynikiem

Twoja historia wyników

Nie rozwiązałeś tego quizu